Central Library OPAC University of Rajshahi

হতভাগ্য বাদশা আমানুল্লা (গতিচ্যুত আফগান-বাদশা) / (Record no. 65747)

MARC details
000 -LEADER
fixed length control field 01059nam a2200253 a 4500
001 - CONTROL NUMBER
control field 65747
003 - CONTROL NUMBER IDENTIFIER
rucl marc code BD-RjUL
005 - DATE AND TIME OF LATEST TRANSACTION
control field 20211209081447.0
008 - FIXED-LENGTH DATA ELEMENTS--GENERAL INFORMATION
fixed length control field 170311s1969 bg |||| |||| 000 0 be d
020 ## - INTERNATIONAL STANDARD BOOK NUMBER
Terms of availability : Rs. 5.00
035 ## - SYSTEM CONTROL NUMBER
System control number (BD-RjUL)65877
040 ## - CATALOGING SOURCE
Original cataloging agency BD-RjUL
Language of cataloging ben
Transcribing agency BD-RjUL
Modifying agency BD-RjUL
041 ## - LANGUAGE CODE
Language code of text/sound track or separate title ben
082 ## - DEWEY DECIMAL CLASSIFICATION NUMBER
Edition number 23
Classification number 581.092
Author mark and year SIH 1969
100 1# - MAIN ENTRY--PERSONAL NAME
Personal name সিদ্দিকী, আনিস
9 (RLIN) 194430
245 10 - TITLE STATEMENT
Title হতভাগ্য বাদশা আমানুল্লা (গতিচ্যুত আফগান-বাদশা) /
Statement of responsibility, etc. আনিস সিদ্দিকী
260 ## - PUBLICATION, DISTRIBUTION, ETC. (IMPRINT)
Place of publication, distribution, etc. ঢাকা :
Name of publisher, distributor, etc. পূরবী পাবলিশার্স,
Date of publication, distribution, etc. ১৯৬৯
300 ## - PHYSICAL DESCRIPTION
Pagination ১৫৯ পৃ, ;
Size ১৯ সেমি.
600 ## - SUBJECT ADDED ENTRY--PERSONAL NAME
Personal name আমানুল্লা, বাদশা
General subdivision জীবনী
Personal name Amanulla, Badsha
General subdivision Biography
651 ## - SUBJECT ADDED ENTRY--GEOGRAPHIC NAME
Geographic name আফগানিস্তান
General subdivision সরকার ও রাজনীতি
9 (RLIN) 194433
Geographic name Afghanistan
General subdivision Government and Politics
9 (RLIN) 194434
942 ## - ADDED ENTRY ELEMENTS (KOHA)
Source of classification or shelving scheme Dewey Decimal Classification
Koha item type Books
Holdings
Lost status Source of classification or shelving scheme Damaged status Not for loan Collection code Permanent Location Current Location Shelving location Date acquired Source of acquisition Cost, normal purchase price Total Checkouts Full call number Date last seen Copy number Koha item type
  Dewey Decimal Classification   Not For Loan Non-fiction Central Library, University of Rajshahi Central Library, University of Rajshahi Reading Room 06/02/1996 N/A 0.00   B 581.092 SIH 1969 11/03/2017 C-1 Books